Online Catalogue and eLibrary

Reframing Democracy : (Record no. 5763)

MARC details
000 -LEADER
fixed length control field 00313nam a2200097Ia 4500
008 - FIXED-LENGTH DATA ELEMENTS--GENERAL INFORMATION
fixed length control field 240331s9999 xx 000 0 und d
082 ## - DDC Classification
Item Number - Author Mark UYA
100 ## - MAIN ENTRY--PERSONAL NAME
Personal name Uyangoda,J and Neloufer de mel
245 #0 - TITLE STATEMENT
Title Reframing Democracy :
Remainder of title Perspectives on the Cultures of Inclusion and Exclusion in Contemporary Sri Lanka
942 ## - Koha item type (Biblio)
Koha item type Books in Stacks (Lending)

No items available.

© WERC Library